| 000 | 00794cam a2200253 a 4500 | ||
|---|---|---|---|
| 001 | 12263 | ||
| 003 | BD-RjUL | ||
| 005 | 20211208235250.0 | ||
| 008 | 140128t1929 enk 001 0 eng d | ||
| 035 | _a(BD-RjUL) 12312 | ||
| 035 | _a(CStRLIN)MIUGAJQ7351-B | ||
| 040 |
_cSAZTEC _dCStRLIN _aBD-RjUL _beng |
||
| 041 | _aeng | ||
| 082 | 0 | 4 |
_216 _a 598 _bCOM 1929 |
| 100 | 1 |
_aCoward, T. A. _q(Thomas Alfred), _d1867-1933. _938068 |
|
| 245 | 1 | 4 |
_aThe migration of birds / _cby T.A. Coward. |
| 250 | _a3rd ed. | ||
| 260 |
_aCambridge : _bUniversity Press, _c1929. |
||
| 300 |
_ax, 137 p., 1 l. : _bmaps ; _c17 cm. |
||
| 504 | _aincludes Bibliographical reference and index. | ||
| 650 | 0 |
_aBirds _xMigration. _938069 |
|
| 830 | 0 |
_aCambridge manuals of science and literature _938073 |
|
| 942 |
_2ddc _cBK |
||
| 999 |
_c12263 _d12263 |
||